000 00340 a2200157 4500
001 189970
020 _a85-08-06952-9
040 _cMagnum
100 _aJunqueira, Sonia
240 1 0 _aO susto do periquito
_lpor
245 1 0 _aO susto do periquito
362 0 _a1998
440 1 _aÁtica
697 _aLITERATURA INFANTIL
942 _cBK
999 _c189970
_d189970